Caricamento...
Reports of income tax cases : volume 1
| Lingua: | English |
|---|---|
| Pubblicazione: |
Madras
Madras Law Journal Press
1926
|
| LEADER | 00342nam a22001217a 4500 | ||
|---|---|---|---|
| 003 | OSt | ||
| 008 | 100206t xxu||||| |||| 00| 0 eng d | ||
| 080 | |a 336.226.1:34 |b SRI.1 | ||
| 245 | |a Reports of income tax cases : volume 1 |c edited by P R Srinivasan | ||
| 260 | |a Madras |b Madras Law Journal Press |c 1926 | ||
| 300 | |a 421p. | ||
| 942 | |c BK |6 _ | ||
| 999 | |c 125818 |d 125818 | ||